| 000 | 00350nam a2200145 i 4500 | ||
|---|---|---|---|
| 001 | bg | ||
| 100 | 1 | _aDĄBEK, Zbigniew | |
| 245 | 0 |
_aPodstawy analizy wymiarowej / _cZ. Dąbek. |
|
| 260 |
_aBydgoszcz, _c1971. |
||
| 040 | _cBPK | ||
| 041 | _apol | ||
| 080 | _a621.01:621.753:519.2](075.8) | ||
| 942 | _cKS | ||
| 008 | s pl f |000 0 pol | ||
| 999 |
_c1500 _d1500 |
||
| 856 |
_uhttp://koha.tu.koszalin.pl/cgi-bin/koha/opac-detail.pl?biblionumber=1500 _yKatalog online BPK |
||